Effects of the selective employment tax (Record no. 410611)

000 -LEADER
fixed length control field 00352cam a22001217a 4500
008 - FIXED-LENGTH DATA ELEMENTS--GENERAL INFORMATION
fixed length control field 180718b1970 xxu||||| |||| 00| 0 eng d
082 ## - DEWEY DECIMAL CLASSIFICATION NUMBER
Classification number L2x42 Un3
100 ## - MAIN ENTRY--PERSONAL NAME
Personal name Reddaway, W.B.
245 ## - TITLE STATEMENT
Title Effects of the selective employment tax
Statement of responsibility, etc. by W.B. Reddaway
260 ## - PUBLICATION, DISTRIBUTION, ETC.
Place of publication, distribution, etc. London
Name of publisher, distributor, etc. Her Majesty's
Date of publication, distribution, etc. 1970
300 ## - PHYSICAL DESCRIPTION
Extent x,316p
650 ## - SUBJECT ADDED ENTRY--TOPICAL TERM
Topical term or geographic name entry element Payroll tax --Great Britain.
Holdings
Withdrawn status Lost status Damaged status Not for loan Permanent Location Current Location Date acquired Full call number Barcode Date last seen Price effective from Koha item type
        Indian Institute of Public Administration Indian Institute of Public Administration 2009-01-20 L2x42 Un3 DA1816 2018-07-21 2018-07-21 DA

Powered by Koha